[Event "Pilsen Region-chT 2223"]
[Site "Czech Republic"]
[Date "2023.02.12"]
[Round "8.6"]
[White "Jezek, Jakub1111"]
[Black "Micka, Vladislav"]
[Result "1-0"]
[WhiteElo "1547"]
[BlackElo "1880"]
[PlyCount "107"]
[EventDate "2022.10.09"]
[EventType "team-tourn"]
[EventRounds "11"]
[EventCountry "CZE"]
[SourceTitle "EXT 2024"]
[Source "ChessBase"]
[SourceDate "2023.10.10"]
[SourceVersion "1"]
[SourceVersionDate "2023.10.10"]
[SourceQuality "1"]
[WhiteTeam "Plzen Letna"]
[BlackTeam "Line III"]
[WhiteTeamCountry "CZE"]
[BlackTeamCountry "CZE"]

1. d4 Nf6 2. c4 c5 3. d5 b5 4. cxb5 a6 5. e3 axb5 6. Bxb5 Qa5+ 7. Nc3 Ne4 8. Nge2 Ba6 9. Bxa6 Nxc3 10. Nxc3 Nxa6 11. 0-0 g6 12. d6 e6 13. Qf3 Rb8 14. Qf6 Rg8 15. e4 Bxd6 16. Bg5 c4 17. Rad1 Qe5 18. Rxd6 Qxd6 19. e5 Qf8 20. Ne4 d5 21. Rd1 Kd7 22. Qf3 Rh8 23. Nd6 h6 24. Bf6 Rh7 25. Qa3 Rb6 26. Nxc4 Qxa3 27. Nxb6+ Kc6 28. bxa3 Kxb6 29. Rb1+ Ka5 30. f3 Nc5 31. Kf2 Nd7 32. Rb7 Nc5 33. Rb8 Nd7 34. Ra8+ Kb6 35. a4 Kb7 36. Re8 Nb6 37. Ke3 Nxa4 38. Kd4 Nb6 39. Bd8 Nd7 40. Bf6 Nb6 41. Kc5 Na4+ 42. Kb4 Nb6 43. Kb5 Nc8 44. Rd8 Na7+ 45. Kc5 Kc7 46. a4 h5 47. Rd6 Nc8 48. Rc6+ Kb7 49. a5 h4 50. a6+ Kb8 51. Rd6 h3 52. g4 Kc7 53. Bd8+ Kb8 54. Rd7 1-0

[Event "Tatry op"]
[Site "Tatranske Zruby"]
[Date "2003.09.27"]
[Round "1"]
[White "Krajnak, Martin"]
[Black "Micka, Vladislav"]
[Result "1-0"]
[WhiteElo "2269"]
[BlackElo "1982"]
[PlyCount "27"]
[EventDate "2003.09.27"]
[EventType "swiss"]
[EventRounds "9"]
[EventCountry "SVK"]
[SourceTitle "CBM 096 Extra"]
[Source "ChessBase"]
[SourceDate "2003.10.22"]
[SourceVersion "2"]
[SourceVersionDate "2003.10.20"]
[SourceQuality "1"]

1. Nc3 Nf6 2. e4 e5 3. g3 Bc5 4. Bg2 0-0 5. Nge2 Ng4 6. 0-0 f5 7. d4 exd4 8. Nxd4 Qf6 9. Nxf5 Bxf2+ 10. Kh1 h5 11. h3 Bxg3 12. hxg4 Kh7 13. g5 Qg6 14. Nxg3 1-0

[Event "Plzen op-A 9th"]
[Site "Plzen"]
[Date "2003.08.21"]
[Round "6"]
[White "Wunsch, Jiri"]
[Black "Micka, Vladislav"]
[Result "1/2-1/2"]
[WhiteElo "2130"]
[BlackElo "1982"]
[PlyCount "73"]
[EventDate "2003.08.16"]
[EventType "swiss"]
[EventRounds "9"]
[EventCountry "CZE"]
[SourceTitle "CBM 095 Extra"]
[Source "ChessBase"]
[SourceDate "2003.09.04"]
[SourceVersion "1"]
[SourceVersionDate "2003.09.04"]
[SourceQuality "1"]

1. d4 Nf6 2. c4 c5 3. d5 b5 4. a4 bxc4 5. Nc3 d6 6. e4 g6 7. f4 Bg7 8. Nf3 Nbd7 9. Bxc4 0-0 10. 0-0 Nb6 11. Be2 Rb8 12. h3 a6 13. Be3 Bb7 14. Qc2 Re8 15. Rfd1 Qc7 16. Bf2 e6 17. dxe6 Rxe6 18. a5 Nbd7 19. Bc4 Ree8 20. Ng5 d5 21. Bxd5 Nxd5 22. exd5 Qxf4 23. Nge4 Be5 24. Bg3 Qh6 25. Bxe5 Rxe5 26. Qf2 Rf5 27. Qg3 Qf4 28. Qxf4 Rxf4 29. g3 Rf3 30. Kg2 Rf5 31. Ra4 Re5 32. Rc4 Rc8 33. Rd2 f5 34. Nd6 Rc7 35. b4 Ba8 36. b5 axb5 37. Ndxb5 1/2-1/2

[Event "Plzen KB op-C U18"]
[Site "Plzen"]
[Date "1997.??.??"]
[Round "8"]
[White "Micka, Vladislav"]
[Black "Tenk, Petr"]
[Result "1-0"]
[WhiteElo "1630"]
[BlackElo "1885"]
[PlyCount "83"]
[EventDate "1997.??.??"]
[EventType "swiss"]
[EventRounds "9"]
[EventCountry "CZE"]
[SourceTitle "EXT 1998"]
[Source "ChessBase"]
[SourceDate "1997.11.17"]
[SourceVersion "1"]
[SourceVersionDate "1997.11.17"]
[SourceQuality "1"]

1. e4 e6 2. d4 d5 3. Nd2 Nf6 4. e5 Nfd7 5. Bd3 c5 6. c3 Nc6 7. Ne2 Qb6 8. Nf3 Be7 9. 0-0 cxd4 10. cxd4 f6 11. Nf4 Nf8 12. Re1 f5 13. a3 Bd7 14. Be3 0-0-0 15. b4 g5 16. Ne2 f4 17. Bc1 g4 18. Nd2 f3 19. gxf3 gxf3 20. Nxf3 Rg8+ 21. Kh1 Ng6 22. Rg1 Rdf8 23. Bxg6 Rxf3 24. Bxh7 Rxg1+ 25. Kxg1 Qd8 26. Nf4 Rc3 27. Bb2 Rc4 28. Bd3 Nxe5 29. Bxc4 Nxc4 30. Bc3 Qg8+ 31. Kh1 Qg5 32. Qf3 e5 33. dxe5 d4 34. Bxd4 Bc6 35. Nd5 Nd2 36. Qg2 Qxg2+ 37. Kxg2 Bxd5+ 38. Kg3 Nf3 39. Rc1+ Kd7 40. Bc5 Bh4+ 41. Kg4 Be6+ 42. Kxf3 1-0